00246nam a2200073Ia 4500008004100000082001300041100001500054245010300069240331s9999 xx 000 0 und d a301bGID aGiddens, A 0aPolitics, sociology and social theory :bencounters with classical and contemporary social thought